Formula 1 Circuits - Statistics

General Stats
  • This quiz has been taken 1,707 times
    150 since last reset
  • The average score is 24 of 30
Answer Stats
Question Answer % Correct
Where is the circuit Park Zandvoort located? Netherlands
99%
In which city is the most famous Formula One street race being held? Monte Carlo
97%
What is the name of the circuit where the Australian Grand Prix is being held? Albert Park
96%
In which country is the circuit de Spa-Francorchamps located? Belgium
92%
In which country is the Circuit Paul Ricard located? France
92%
Which Grand Prix is held on Suzuka Circuit? Japanese Grand Prix
92%
Which Middle East country is the host of Sakhir Grand Prix? Bahrain
89%
Which of the following is street circuit? Baku Circuit
89%
Which city is the home of the Chinese Grand Prix? Shanghai
88%
What picture shows the Circuit de Monaco?
86%
In which country is the circuit Hockenheimring located? Germany
86%
Which city is the home of the Russian Grand Prix? Sochi
86%
What is the name of the circuit where the Malaysian Grand Prix is being held? Sepang
85%
What picture shows the Hungaroring?
84%
What is the name of the circuit where the Canadian Grand Prix is being held? Circuit Gilles Villeneuve
80%
What was the only Asian nation to host a Formula One race until Malaysia joined the calendar in 1999? Japan
80%
Where was the first World Championship Grand Prix held in 1950? Silverstone
80%
The first Grand Prix to take place behind the Iron Curtain was in which country? Hungary
79%
In which country is the circuit Hermanos Rodríguez located? Mexico
78%
In which country is Algarve International Circuit located? Portugal
77%
Which street circuit was expected to make its debut on the F1 calendar in 2020 but was cancelled? Vietnamese Grand Prix
76%
In which country is Mugello Circuit located? Italy
74%
In which country is the circuit Autódromo Juan y Oscar Gálvez located? Argentina
73%
Which Grand Prix is held on Autódromo do Estoril? Portuguese Grand Prix
71%
From 1997 to 2003 the Red Bull Ring circuit (formerly Österreichring) was known as... A1-Ring
70%
In which country is Styrian Grand Prix taking place? Austria
70%
Which Grand Prix is due to debut in 2023 in the United States? Las Vegas Grand Prix
63%
In which country is the circuit Autódromo José Carlos Pace located? Brazil
61%
Near which city is the Autodromo Enzo e Dino Ferrari located? Imola
61%
Which circuit hosted the most World Championship races? Monza
37%
No matching quizzes found
Score Distribution
Percent of People with Each Score
Percentile by Number Answered
Your Score History
You have not taken this quiz since the last reset